<?xml version="1.0" encoding="UTF-8"?>
<record
    xmlns:xsi="http://www.w3.org/2001/XMLSchema-instance"
    xsi:schemaLocation="http://www.loc.gov/MARC21/slim http://www.loc.gov/standards/marcxml/schema/MARC21slim.xsd"
    xmlns="http://www.loc.gov/MARC21/slim">

  <leader>01612nam a22002777a 4500</leader>
  <controlfield tag="001">BRCA_9227</controlfield>
  <controlfield tag="003">FranzMayer</controlfield>
  <controlfield tag="005">20220921134105.0</controlfield>
  <controlfield tag="008">220912b        |||||||| |||| 00| 0 eng d</controlfield>
  <datafield tag="020" ind1=" " ind2=" ">
    <subfield code="a">9788412009781</subfield>
  </datafield>
  <datafield tag="040" ind1=" " ind2=" ">
    <subfield code="b">spa</subfield>
    <subfield code="c">MFM</subfield>
  </datafield>
  <datafield tag="041" ind1=" " ind2=" ">
    <subfield code="a">spa</subfield>
  </datafield>
  <datafield tag="050" ind1=" " ind2=" ">
    <subfield code="a">NE1325. Y67</subfield>
    <subfield code="b">C54 2019</subfield>
  </datafield>
  <datafield tag="245" ind1=" " ind2=" ">
    <subfield code="a">Cien aspectos de la luna : </subfield>
    <subfield code="b">Tsukioka Yoshitoshi / </subfield>
    <subfield code="c">ed. V. David Almaz&#xE1;n Tom&#xE1;s</subfield>
  </datafield>
  <datafield tag="250" ind1=" " ind2=" ">
    <subfield code="a">2da. ed.</subfield>
    <subfield code="b">1ra. reimpresi&#xF3;n</subfield>
  </datafield>
  <datafield tag="260" ind1=" " ind2=" ">
    <subfield code="a">Espa&#xF1;a : </subfield>
    <subfield code="b">Sans Soleil, </subfield>
    <subfield code="c">2019</subfield>
  </datafield>
  <datafield tag="300" ind1=" " ind2=" ">
    <subfield code="a">229 p. : </subfield>
    <subfield code="b">il. ; </subfield>
    <subfield code="c">15 x 21 cm.</subfield>
  </datafield>
  <datafield tag="490" ind1=" " ind2=" ">
    <subfield code="a">Jap&#xF3;n</subfield>
  </datafield>
  <datafield tag="500" ind1=" " ind2=" ">
    <subfield code="a">Ubicaci&#xF3;n: L60-N1</subfield>
  </datafield>
  <datafield tag="500" ind1=" " ind2=" ">
    <subfield code="a">Notas: pp. 227-229</subfield>
  </datafield>
  <datafield tag="520" ind1=" " ind2=" ">
    <subfield code="a">La cuidada edici&#xF3;n que ofrece V. David Almaz&#xE1;n Tom&#xE1;s, plagada de referencias y explicaciones que nos acercan al universo creativo de Yoshitoshi y al folklore nip&#xF3;n desde sus remotos inicios, se convierte de este modo en una completa enciclopedia visual de la historia de Jap&#xF3;n por la que veremos desfilar poes&#xED;a y teatro, bellas geishas y fieros samur&#xE1;is, misteriosos fantasmas y tradiciones ancestrales, cortesanos versados en el uso de la espada y la palabra, e historias que nos hablan de amor y guerra. La serie logra as&#xED; compendiar buena parte de los episodios hist&#xF3;ricos m&#xE1;s relevantes y de las leyendas m&#xE1;s recordadas del antiguo Jap&#xF3;n en los que la luna siempre fue su silenciosa protagonista. - Proporcionado por la editorial.</subfield>
  </datafield>
  <datafield tag="600" ind1=" " ind2=" ">
    <subfield code="a">Taiso, Yoshitoshi,&#x200F;</subfield>
    <subfield code="d">1839-1892</subfield>
    <subfield code="v">Cat&#xE1;logo</subfield>
    <subfield code="x">Arte</subfield>
    <subfield code="z">Jap&#xF3;n</subfield>
    <subfield code="9">28546</subfield>
  </datafield>
  <datafield tag="650" ind1=" " ind2=" ">
    <subfield code="a">Ukiyoe</subfield>
    <subfield code="x">Arte</subfield>
    <subfield code="x">Grabado</subfield>
    <subfield code="z">Jap&#xF3;n</subfield>
    <subfield code="9">28547</subfield>
  </datafield>
  <datafield tag="942" ind1=" " ind2=" ">
    <subfield code="2">lcc</subfield>
    <subfield code="c">B</subfield>
  </datafield>
  <datafield tag="999" ind1=" " ind2=" ">
    <subfield code="c">10846</subfield>
    <subfield code="d">10846</subfield>
  </datafield>
  <datafield tag="952" ind1=" " ind2=" ">
    <subfield code="0">0</subfield>
    <subfield code="1">0</subfield>
    <subfield code="2">lcc</subfield>
    <subfield code="4">0</subfield>
    <subfield code="7">0</subfield>
    <subfield code="a">BRCA</subfield>
    <subfield code="b">BRCA</subfield>
    <subfield code="d">2022-09-12</subfield>
    <subfield code="o">NE1325. Y67 C54 2019</subfield>
    <subfield code="p">CONT10015</subfield>
    <subfield code="r">2022-09-12 00:00:00</subfield>
    <subfield code="w">2022-09-12</subfield>
    <subfield code="y">B</subfield>
  </datafield>
</record>
